Регионална библиотека "Любен Каравелов" - Русе

Производството на конопа в Северна България (Запис номер 167493)

MARC детайли
000 -Лидер
Контролно поле с фиксирана дължина 02409nam a2200385 c 4500
003 - Код на организацията, давaща контролен номер
Контролно поле BLK
005 - Дата и час на последна редакция
Контролно поле 20220210144412.0
008 - Елементи от данни с фиксирана дължина
fixed length control field 180411b bul|||||r ||||||| ||bul||
010 ## - Наследен системен номер
LC control number KNG00175301000
040 ## - Източник на каталожния запис
Идентификатор на билиотеката - собственик на записа BLK
041 ## - Код за език
Код за езика на текст/звукозапис или на отделно заглавие Български
Код за езика КДБФ Български
072 #7 - Код за тематичната категория
Код организация bullib
Код за тематична категория К
Текст Краезнание
080 ## - УДК
Текстов определител УДК Лен и подобните му влакнодайни растения (коноп, юта и др. )
УДК код - определител по УДК 633.52
УДК определител :334.788.2(497.215)
УДК - код + определител 633.52:334.788.2(497.215)
110 1# - Редна дума - колетивен орган
Редна дума - наименование на организация или юридическо лице Търговско-индустриална камара. Русе
9 (RLIN) 315118
139 ## - Редно поле
Редна дума Търговско-индустриална камара. Русе
Авторски знак Тър - Т 96
245 10 - Сведения за заглавието
Заглавие Производството на конопа в Северна България
Подзаглавни данни Реф., изнесени в свиканата на 23 септ. 1934 г. в гр. Свищов от Русенската търг.-индустр. камара конф. и решенията на последната
257 ## - Страна на издаване
Страна на създаване/издаване България
260 ## - Област на издателските данни
Име на издателя, разпространителя и проч. Русенска търг.-индустр. камара
Година на издаване 1934
Печатница Русе : Малджиев
300 ## - Физическа характеристика
Страници 51 с.
Илюстрации и др. с табл.
Размери/Мащаб 23 см
380 ## - Жанр
Жанр Селско стопанство
500 ## - Общи забележки
Забележка Съдържа: Предг., с. 3-4 ; Значението на конопа за нашето нар. стопанство от д-р Никола Караиванов - началник на индустр. отд. при Русенската търг.-индустр. камара, с. 5-15 ; Конопът в Северна България от Илия Димитров, плевенски обл. инспектор по земеделието, с. 17-30 ; Организацията на производството и пласмента на конопа в Северна България от Тома Цоков - секретар на кооп. централа "Български коноп" Свищов, с. 31-47 ; Резолюция, с. 49-50
650 #4 - Допълнително описание по предмет – тема
Основно описание – тема или топоним Полевъдство
9 (RLIN) 166795
650 #4 - Допълнително описание по предмет – тема
Основно описание – тема или топоним Камари, търговско-индустриални
9 (RLIN) 280620
651 #4 - Допълнително описание по предмет - топоним
Географско понятие Русе
9 (RLIN) 179462
653 ## - Ключова дума – ненормативна
Ключова дума полевъдство
653 ## - Ключова дума – ненормативна
Ключова дума РТИК
653 ## - Ключова дума – ненормативна
Ключова дума реферати
653 ## - Ключова дума – ненормативна
Ключова дума коноп
659 ## - Тематичен бюлетин
Тематичен бюлетин К
852 ## - Местоположение
Форматна сигнатура Цб 6.225.27523
852 ## - Местоположение
Форматна сигнатура К 63/Т 96
856 4# - Електронен адрес и достъп
Електронен формат pdf - файл
856 4# - Електронен адрес и достъп
Електронен формат pdf - файл
999 ## - СИСТЕМНИ КОНТРОЛНИ НОМЕРА
Koha biblionumber 167493
Koha biblioitemnumber 167493
942 ## - АРТИКУЛИ
Вид на библиотечния материал Книги
Скрит в OPAC Не
Периодичен библиозапис Да
944 ## - СЪЗДАВАНЕ И РЕДАКЦИЯ на ЗАПИСА
Създаване/Редакция Създаване
Дата на регистрацията/редакция 15.05.2015
Служител, извършил регистрацията/редакцията Валя_Йорданова
944 ## - СЪЗДАВАНЕ И РЕДАКЦИЯ на ЗАПИСА
Създаване/Редакция Редакция
Дата на регистрацията/редакция 15.05.2015
Служител, извършил регистрацията/редакцията Валя_Йорданова
999 ## - СИСТЕМНИ КОНТРОЛНИ НОМЕРА
Koha biblioitemnumber 167493
999 ## - СИСТЕМНИ КОНТРОЛНИ НОМЕРА
Koha biblioitemnumber 167493
Наличности
Код за отписване Код за изгубен артикул Източник на класификационната схема Код за повреда Коз за рестрикции Код за отдаване Артикулен № Име на библиотеката - собственик Име на библиотеката, в която се намира в момента Статус (Текущо местоположение) Дата на вписване в системата Местоположение - отдел Цена в лева Инвентарен номер Систематично азбучна сигнатура Баркод Номер на екземпляра Цена в евро Служебна бележка Служебен тип на артикула
  Не е изгубен Universal Decimal Classification Не е повреден без рестрикции ползва се в читалня 282127 Регионална библиотека "Любен Каравелов" Русе Регионална библиотека "Любен Каравелов" Русе Краезнание 1934-01-01 Краезнание 0.20 3478/64 К 63/Т 96 900000003175 1 0.10 N: Сф Дата: 01.01.1934 Дата инв: 10.11.2017 Бележки инв: К2017 Книги
  Не е изгубен Universal Decimal Classification Не е повреден само за читалня ползва се в читалня 830060 Регионална библиотека "Любен Каравелов" Русе Регионална библиотека "Любен Каравелов" Русе Хранилище 2021-05-17 Основен фонд - ползва се само за читалня 0.08 27523 Цб 6.225.27523 900000060212   0.04   Книги
Vip Innovations Ltd, Rousse, Bulgaria 2025